ბათუმის შოთა რუსთაველის სახელმწიფო უნივერსიტეტის ბიბლიოთეკა

Геометрические приложения понятия о центре тяжести. (ბიბ.ჩანაწერი № 38701)

000 -LEADER
fixed length control field 00588nam a2200193Ia 4500
001 - CONTROL NUMBER
control field 4965
003 - CONTROL NUMBER IDENTIFIER
control field GE_BSU
008 - FIXED-LENGTH DATA ELEMENTS--GENERAL INFORMATION
fixed length control field 181216s||||||||xx |||||||||||||| ||und||
040 ## - CATALOGING SOURCE
Transcribing agency GE_BSU
080 ## - UNIVERSAL DECIMAL CLASSIFICATION NUMBER
Universal Decimal Classification number 514(075.3)
100 ## - MAIN ENTRY--PERSONAL NAME
Personal name Балк, М.Б.
245 ## - TITLE STATEMENT
Title Геометрические приложения понятия о центре тяжести.
260 ## - PUBLICATION, DISTRIBUTION, ETC.
Place of publication, distribution, etc. Москва
260 ## - PUBLICATION, DISTRIBUTION, ETC.
Name of publisher, distributor, etc. Госиздат
260 ## - PUBLICATION, DISTRIBUTION, ETC.
Date of publication, distribution, etc. 1959
300 ## - PHYSICAL DESCRIPTION
Extent 230 с. 20 см.
653 ## - INDEX TERM--UNCONTROLLED
Uncontrolled term Геометрические приложения понятия о центре тяжести.
942 ## - ADDED ENTRY ELEMENTS (KOHA)
Koha item type წიგნი
ეგზემპლარები
Withdrawn status Lost status Damaged status Not for loan Date acquired Barcode Date last seen Price effective from Koha item type Public note
        2018-12-17 15918 2018-12-17 2018-12-17 წიგნი დარბაზი